[Event "Rilton Cup 2010-11"]
[Site "Stockholm SWE"]
[Date "2010.12.31"]
[Round "5"]
[White "Forsberg, Viktor"]
[Black "Lindgren, Philip"]
[Result "1/2-1/2"]
[WhiteElo "2255"]
[BlackElo "2091"]
[WhiteFideId "1707914"]
[BlackFideId "1713230"]
[EventDate "2010.12.27"]

1. Nf3 d5 2. d4 Nf6 3. c4 c6 4. e3 Bf5 5. Nc3 e6 6. Nh4 Bg6 7. Be2 Nbd7 8. Nxg6
hxg6 9. h3 Bd6 10. Qb3 Rb8 11. Bd2 Qe7 12. Rc1 O-O 13. O-O dxc4 14. Bxc4 e5 15.
Qc2 exd4 16. exd4 Nb6 17. Bb3 Kh8 18. Rfe1 Qd7 19. Bg5 Rbe8 20. Qd3 Nbd5 21. Qf3
Bc7 22. h4 Bb6 23. Red1 Re6 24. Nxd5 cxd5 25. Bxf6 1/2-1/2

[Event "Rilton Cup 2010-11"]
[Site "Stockholm SWE"]
[Date "2010.12.31"]
[Round "5"]
[White "Czarnota, Dorota"]
[Black "Hedstrom, Johan"]
[Result "1-0"]
[WhiteTitle "WIM"]
[WhiteElo "2229"]
[BlackElo "2043"]
[WhiteFideId "1122410"]
[BlackFideId "1714813"]
[EventDate "2010.12.27"]

1. d4 g6 2. e4 c6 3. Nf3 Bg7 4. Bc4 d5 5. Bb3 Bg4 6. h3 Bxf3 7. Qxf3 e6 8. c3
Nf6 9. Nd2 dxe4 10. Nxe4 Nxe4 11. Qxe4 Nd7 12. O-O O-O 13. Re1 a5 14. h4 a4 15.
Bc2 e5 16. dxe5 Nxe5 17. Bxa4 Nd3 18. Bg5 Qb6 19. Qxd3 Rxa4 20. Re2 f6 21. Be3
Qc7 22. b4 b5 23. Rd1 Raa8 24. Qd6 Rf7 25. Qe6 h5 26. Red2 Kh7 27. Rd7 Rxd7 28.
Rxd7 Qe5 29. Qf7 Rg8 30. Bd4 Qe1+ 31. Kh2 Qe4 32. Qxf6 Kh6 33. Rxg7 1-0

[Event "Rilton Cup 2010-11"]
[Site "Stockholm SWE"]
[Date "2010.12.31"]
[Round "5"]
[White "Bazeev, German"]
[Black "Thiborg, Jesper"]
[Result "1-0"]
[WhiteElo "2334"]
[BlackElo "2020"]
[WhiteFideId "24119350"]
[BlackFideId "1711954"]
[EventDate "2010.12.27"]

1. d4 Nf6 2. c4 e6 3. Nf3 d5 4. Nc3 Nbd7 5. e3 c6 6. Bd3 dxc4 7. Bxc4 b5 8. Bd3
Bb7 9. e4 b4 10. Na4 c5 11. e5 Nd5 12. Nxc5 Nxc5 13. dxc5 Qa5 14. O-O Bxc5 15.
Nd2 Be7 16. Qg4 g5 17. Nc4 Qc5 18. Bd2 h5 19. Qe2 Kf8 20. Rac1 Rd8 21. Nd6 Qb6
22. Nxb7 Qxb7 23. Be4 Qb8 24. Bb1 Qb6 25. Kh1 Qd4 26. b3 Qb2 27. Rc2 Qd4 28. Rc4
Qb2 29. Bc2 Kg7 30. f4 g4 31. Qf2 f5 32. Qxa7 Kf7 33. Rc6 Rc8 34. Qd7 Rxc6 35.
Qxc6 Rd8 36. Bxf5 exf5 37. Qh6 Rf8 38. Qh7+ Ke6 39. Qg6+ Kd7 40. Rc1 Nc3 41. Be3
Qe2 42. Qb6 Rc8 43. e6+ Ke8 44. Qd4 Qa6 45. Qh8+ Bf8 46. Qxh5+ Kd8 47. Qxf5 Be7
48. Qf7 Qd6 49. f5 Ne4 50. Bb6+ 1-0

[Event "Rilton Cup 2010-11"]
[Site "Stockholm SWE"]
[Date "2010.12.31"]
[Round "5"]
[White "Lokander, Martin"]
[Black "Bouaraba, Max"]
[Result "0-1"]
[WhiteElo "1982"]
[BlackElo "2219"]
[WhiteFideId "1709569"]
[BlackFideId "4635973"]
[EventDate "2010.12.27"]

1. e4 Nf6 2. e5 Nd5 3. Nc3 e6 4. Nf3 d6 5. d4 Nxc3 6. bxc3 dxe5 7. Nxe5 Bd6 8.
Nf3 O-O 9. Bd3 h6 10. Qe2 Nd7 11. Bb2 e5 12. O-O Re8 13. Rfe1 c6 14. c4 Bb4 15.
c3 Bd6 16. Rad1 Kf8 17. dxe5 Qa5 18. Qe4 Nxe5 19. Nd4 Bg4 20. Qh7 Bxd1 21. Rxd1
Ng6 22. Bxg6 fxg6 23. Qxg6 Qe5 24. Nf3 Qe6 25. Qd3 Rad8 26. g3 Bc7 27. Nd4 Qe4
28. Qd2 c5 29. Ba3 Bd6 30. Nb5 Be7 31. Qe1 Rxd1 32. Qxd1 Qxc4 33. Qf3+ Kg8 34.
Nc7 Rf8 35. Qd5+ Qxd5 36. Nxd5 Bd6 37. f4 b5 38. Kf2 a5 39. Ke3 b4 40. Bb2 Re8+
41. Kd3 c4+ 42. Kxc4 Re2 43. Bc1 Rxa2 44. Be3 bxc3 45. Nxc3 Rxh2 46. Bb6 Bb4 47.
Nd5 Rg2 0-1

[Event "Rilton Cup 2010-11"]
[Site "Stockholm SWE"]
[Date "2010.12.31"]
[Round "5"]
[White "Wiander, Michael"]
[Black "Palmblad, Jan Peter"]
[Result "1-0"]
[WhiteElo "2158"]
[BlackElo "2135"]
[WhiteFideId "1702580"]
[BlackFideId "1705512"]
[EventDate "2010.12.27"]

1. e4 c5 2. d3 g6 3. f4 d6 4. g3 Bg7 5. Bg2 Nc6 6. Nf3 e6 7. O-O Nge7 8. c3 O-O
9. g4 f5 10. h3 fxe4 11. dxe4 b5 12. Qe1 e5 13. f5 d5 14. exd5 Nxd5 15. fxg6
hxg6 16. Bg5 Qd6 17. Nbd2 Nf4 18. Ne4 Nxg2 19. Kxg2 Qd5 20. Rd1 Nd4 21. cxd4
exd4 22. Be7 Rxf3 23. Rxf3 Bb7 24. Ng5 Bh6 25. Qe6+ Qxe6 26. Nxe6 Re8 27. Bg5
Bxg5 28. Nxg5 Re2+ 29. Kg3 Bxf3 30. Nxf3 Rxb2 31. Rd2 Rb4 32. Rc2 Rc4 33. Rxc4
bxc4 34. Kf2 Kg7 35. g5 Kf7 36. Ne5+ Ke6 37. Nxc4 Kf5 38. Nd6+ Ke5 39. Nc4+ Kf4
40. Nd2 Kxg5 41. Ne4+ Kh4 42. Nxc5 Kxh3 43. Ne6 Kg4 44. Nxd4 Kf4 45. Nc6 a6 46.
Nb8 a5 47. a4 Ke4 48. Nc6 Kd3 49. Nxa5 Kc3 50. Nb3 1-0

[Event "Rilton Cup 2010-11"]
[Site "Stockholm SWE"]
[Date "2011.01.02"]
[Round "6"]
[White "Shimanov, Aleksandr"]
[Black "Naiditsch, Arkadij"]
[Result "1/2-1/2"]
[WhiteTitle "GM"]
[BlackTitle "GM"]
[WhiteElo "2516"]
[BlackElo "2685"]
[WhiteFideId "4198603"]
[BlackFideId "4650891"]
[EventDate "2010.12.27"]

1. Nf3 Nf6 2. c4 e6 3. g3 d5 4. Bg2 dxc4 5. Qa4+ c6 6. Qxc4 b5 7. Qc2 Bb7 8. O-O
Nbd7 9. d3 Rc8 10. Nc3 a6 11. a4 Be7 12. e4 O-O 13. Rd1 Qc7 14. h3 Rfd8 15. Be3
b4 16. Nb1 c5 17. Nbd2 c4 18. Nxc4 Nxe4 19. dxe4 Qxc4 20. Qxc4 Rxc4 21. Nd2 Rc2
22. Rac1 Rdc8 23. Nc4 Rxc1 24. Rxc1 Kf8 25. b3 Nf6 26. f3 Bc5 27. Kf2 Nd7 28.
Rd1 Ke7 29. Bf1 Rc7 30. Ke2 f6 31. h4 Bxe3 32. Kxe3 Bc8 33. f4 Nc5 34. Na5 e5
35. fxe5 fxe5 36. Bc4 Bg4 37. Rd2 Be6 38. Bd5 Bxd5 39. Rxd5 Ke6 40. Rd8 Rd7 41.
Rxd7 Kxd7 42. Kf3 h5 43. Ke3 Ke6 44. Kf3 Kd7 45. Ke3 Kc7 46. Kf3 Nd3 47. Ke3 Nb2
48. Kd2 Kb6 49. Kc2 Nxa4 50. Nc4+ Kc5 51. Kd3 Nb6 52. Nxe5 a5 53. Ng6 a4 54.
bxa4 Nxa4 55. e5 Kb5 56. Nf4 Nc5+ 57. Kc2 b3+ 58. Kb1 Kc6 59. Kb2 Ne4 60. Nxh5
Kd5 61. Nxg7 Nxg3 62. e6 Kd6 63. Kxb3 Ke7 64. Kc4 Kf6 65. Kd5 1/2-1/2

[Event "Rilton Cup 2010-11"]
[Site "Stockholm SWE"]
[Date "2011.01.02"]
[Round "6"]
[White "Grandelius, Nils"]
[Black "Volkov, Sergey"]
[Result "1/2-1/2"]
[WhiteTitle "GM"]
[BlackTitle "GM"]
[WhiteElo "2525"]
[BlackElo "2594"]
[WhiteFideId "1710400"]
[BlackFideId "4122763"]
[EventDate "2010.12.27"]

1. d4 d5 2. c4 c6 3. Nc3 Nf6 4. e3 a6 5. Nf3 b5 6. b3 Bg4 7. Bd2 e6 8. h3 Bxf3
9. Qxf3 Be7 10. Bd3 O-O 11. O-O Nbd7 12. Rac1 dxc4 13. bxc4 bxc4 14. Bxc4 c5 15.
Qe2 cxd4 16. exd4 Nb6 17. Bxa6 Qxd4 18. Rfd1 Na4 19. Nxa4 Qxa4 20. Bc4 Rfd8 21.
Bb3 Qa3 22. Bc3 Nd5 23. Ba1 Bf6 24. Bxf6 Nxf6 25. Qe5 h6 26. Rxd8+ Rxd8 27. Rc7
Nd5 28. Rc4 Nf6 29. Rc7 Nd5 30. Rc4 Nf6 1/2-1/2

[Event "Rilton Cup 2010-11"]
[Site "Stockholm SWE"]
[Date "2011.01.02"]
[Round "6"]
[White "Berczes, David"]
[Black "Macieja, Bartlomiej"]
[Result "0-1"]
[WhiteTitle "GM"]
[BlackTitle "GM"]
[WhiteElo "2526"]
[BlackElo "2636"]
[WhiteFideId "722960"]
[BlackFideId "1104306"]
[EventDate "2010.12.27"]

1. Nf3 c5 2. c4 Nf6 3. Nc3 Nc6 4. g3 g6 5. Bg2 Bg7 6. d4 cxd4 7. Nxd4 O-O 8. O-O
Nxd4 9. Qxd4 d6 10. Qd3 a6 11. Be3 Bf5 12. Qd2 Qd7 13. Rfd1 Bh3 14. Bh1 Qc7 15.
b3 Rac8 16. Rac1 Qb8 17. Bg5 Rfe8 18. Bxf6 Bxf6 19. Nd5 Be5 20. Qg5 Kg7 21. g4
e6 22. Nf4 h6 23. Nh5+ Kg8 24. Qxh6 Bxg4 25. Ng3 b5 26. Qg5 Bxg3 27. hxg3 Bxe2
28. Rd2 Rc5 29. Qf4 Re5 30. cxb5 Bxb5 31. a4 Bd7 32. Bf3 Qxb3 33. Rxd6 Rf5 34.
Qd4 Qxf3 35. Rxd7 Rh5 0-1

[Event "Rilton Cup 2010-11"]
[Site "Stockholm SWE"]
[Date "2011.01.02"]
[Round "6"]
[White "Cramling, Pia"]
[Black "Furhoff, Johan"]
[Result "1/2-1/2"]
[WhiteTitle "GM"]
[BlackTitle "IM"]
[WhiteElo "2526"]
[BlackElo "2365"]
[WhiteFideId "1700030"]
[BlackFideId "1701797"]
[EventDate "2010.12.27"]

1. d4 d5 2. Nf3 Nc6 3. c4 Bg4 4. Nc3 e6 5. cxd5 exd5 6. Bf4 Bd6 7. Bg3 Bxf3 8.
gxf3 Nge7 9. Bh3 O-O 10. e3 f5 11. f4 Qd7 12. Bg2 Bb4 13. Qb3 Bxc3+ 14. Qxc3 Nd8
15. O-O Nf7 16. Kh1 Nd6 17. f3 c6 18. Be1 Rae8 19. b3 Rf6 20. Bf2 Ng6 21. Rg1
Qe7 22. Bh3 Re6 23. Rae1 Nh4 24. Rg3 Rg6 25. Reg1 Rxg3 26. Rxg3 h6 27. Qc2 Kh8
28. Bf1 Rg8 29. Bd3 Qe6 30. Qe2 Ng6 31. Rg1 Re8 32. Qf1 Qf6 33. Qh3 b6 34. Qg2
Kh7 35. Rc1 Rc8 36. Qf1 c5 37. dxc5 bxc5 38. Qd1 c4 39. Bf1 Qe6 40. Qd2 Rb8 41.
Rd1 Ne7 42. Qc3 Nc6 43. Qd2 Ne7 44. Qc3 Nc6 45. Bh3 Re8 46. Qd2 cxb3 47. axb3 d4
48. exd4 Qxb3 49. d5 Nb4 50. Bc5 Nc4 51. Qd4 Qxf3+ 52. Bg2 Qb3 53. d6 Nd3 54.
Rg1 Ne3 55. Ra1 Qc2 56. Qxe3 Rxe3 57. Bxe3 Qe2 58. Bxa7 Ne1 59. Ba8 1/2-1/2

[Event "Rilton Cup 2010-11"]
[Site "Stockholm SWE"]
[Date "2011.01.02"]
[Round "6"]
[White "Gleizerov, Evgeny"]
[Black "Ulibin, Mikhail"]
[Result "1/2-1/2"]
[WhiteTitle "GM"]
[BlackTitle "GM"]
[WhiteElo "2572"]
[BlackElo "2552"]
[WhiteFideId "4101332"]
[BlackFideId "4101405"]
[EventDate "2010.12.27"]

1. e4 e5 2. Nf3 Nc6 3. Bb5 f5 4. Nc3 fxe4 5. Nxe4 d5 6. Nxe5 dxe4 7. Nxc6 Qg5 8.
Qe2 Nf6 9. f4 Qxf4 10. Nxa7+ Bd7 11. Bxd7+ Kxd7 12. Qb5+ Ke6 13. Qb3+ Kd7 14.
Qb5+ Ke6 15. Qc4+ Kd7 16. Qb5+ 1/2-1/2

[Event "Rilton Cup 2010-11"]
[Site "Stockholm SWE"]
[Date "2011.01.02"]
[Round "6"]
[White "Karlsson, Lars"]
[Black "Smith, Axel"]
[Result "1-0"]
[WhiteTitle "GM"]
[BlackTitle "IM"]
[WhiteElo "2466"]
[BlackElo "2448"]
[WhiteFideId "1700057"]
[BlackFideId "1707930"]
[EventDate "2010.12.27"]

1. b3 e5 2. Bb2 Nc6 3. e3 d5 4. Bb5 Bd6 5. f4 f6 6. Ne2 Ne7 7. fxe5 fxe5 8. O-O
Bg4 9. e4 Qd7 10. exd5 Nxd5 11. Nbc3 Nf6 12. d4 O-O-O 13. dxe5 Bxe5 14. Qxd7+
Rxd7 15. h3 Bh5 16. Nf4 Bf7 17. Nd3 Bd4+ 18. Kh2 Bg6 19. Na4 Re8 20. Rae1 Bxb2
21. Bxc6 bxc6 22. Rxe8+ Bxe8 23. Naxb2 Bg6 24. Re1 c5 25. Re2 Ne4 26. Na4 c4 27.
Ne5 Rd2 28. Rxd2 Nxd2 29. Nxg6 hxg6 30. Kg3 Kd7 31. Kf4 cxb3 32. axb3 Ke6 33.
Nc3 c6 34. Ke3 Nf1+ 35. Kf2 Nh2 36. Kg1 Ke5 37. Kxh2 Kd4 38. Na4 Ke3 39. Kg3 Kd2
40. c4 Kc2 41. Nc5 Kc3 42. Kf4 Kb4 43. Nb7 Kxb3 44. Na5+ Kc3 45. Ke5 a6 46. Kd6
Kb4 47. Kxc6 Kxa5 48. Kd6 g5 49. c5 g6 50. c6 1-0

[Event "Rilton Cup 2010-11"]
[Site "Stockholm SWE"]
[Date "2011.01.02"]
[Round "6"]
[White "Lindberg, Bosse"]
[Black "Berg, Emanuel"]
[Result "0-1"]
[BlackTitle "GM"]
[WhiteElo "2404"]
[BlackElo "2627"]
[WhiteFideId "1705997"]
[BlackFideId "1704060"]
[EventDate "2010.12.27"]

1. d4 e6 2. c4 Nf6 3. Nf3 b6 4. Nc3 Bb4 5. Bg5 Bb7 6. e3 h6 7. Bh4 g5 8. Bg3 Ne4
9. Qc2 Bxc3+ 10. bxc3 d6 11. Bd3 Nxg3 12. hxg3 Nd7 13. Be4 Bxe4 14. Qxe4 Nf6 15.
Qd3 Ke7 16. e4 Qg8 17. O-O-O Nd7 18. Nd2 Qg6 19. Nf1 h5 20. f3 h4 21. Qe2 Qf6
22. Qd2 Rag8 23. Re1 Kd8 24. Kb1 Kc8 25. Qf2 hxg3 26. Nxg3 Rxh1 27. Rxh1 Rh8 28.
Rh5 Rxh5 29. Nxh5 Qh8 30. g4 Nf6 31. Kb2 Kd7 32. Qd2 Qh6 33. Kc2 Nxh5 34. Qh2
Qf6 35. gxh5 Qxf3 36. h6 Qxe4+ 37. Kd2 Qh7 38. Qh5 f6 39. d5 exd5 40. cxd5 Ke7
41. Qh3 Kf7 42. Ke3 f5 43. Qh5+ Qg6 44. Qh1 Kg8 45. Kd4 Kh7 46. Qh3 0-1

[Event "Rilton Cup 2010-11"]
[Site "Stockholm SWE"]
[Date "2011.01.02"]
[Round "6"]
[White "Sokolov, Ivan"]
[Black "Arman, Deniz"]
[Result "1-0"]
[WhiteTitle "GM"]
[WhiteElo "2642"]
[BlackElo "2297"]
[WhiteFideId "14400030"]
[BlackFideId "6302106"]
[EventDate "2010.12.27"]

1. d4 Nf6 2. c4 g6 3. Nc3 d5 4. Bg5 Ne4 5. Bh4 Nxc3 6. bxc3 dxc4 7. e3 Be6 8.
Nf3 Bg7 9. Rb1 b6 10. Qc2 O-O 11. Ng5 Bd5 12. e4 Bb7 13. Bxc4 Qc8 14. Qb3 Qg4
15. g3 Bf6 16. Bxf7+ Kh8 17. Bd5 Bxg5 18. Bxb7 Bd2+ 19. Kxd2 Rxf2+ 20. Kc1 Qf3
21. Re1 Nc6 22. Bxc6 Rf8 23. Rb2 Rf1 24. g4 Qe3+ 25. Kd1 Rxe1+ 26. Bxe1 Rf1 27.
Re2 Qd3+ 28. Rd2 Qe3 29. Kc2 Qxe1 30. Qb2 Rf6 31. Qb5 Qa1 32. Qd5 Kg7 33. g5 Rf1
34. Kb3 Rf3 35. Qe5+ Kf8 36. Qh8+ Kf7 37. Be8+ 1-0

[Event "Rilton Cup 2010-11"]
[Site "Stockholm SWE"]
[Date "2011.01.02"]
[Round "6"]
[White "Tikkanen, Hans"]
[Black "Akesson, Ralf"]
[Result "0-1"]
[WhiteTitle "IM"]
[BlackTitle "GM"]
[WhiteElo "2550"]
[BlackElo "2434"]
[WhiteFideId "1706446"]
[BlackFideId "1700120"]
[EventDate "2010.12.27"]

1. d4 e6 2. c4 f5 3. g3 Nf6 4. Bg2 c6 5. Nf3 d5 6. O-O Bd6 7. b3 Qe7 8. Bb2 O-O
9. Qc1 b6 10. Ne5 Bb7 11. Nd2 Nbd7 12. cxd5 cxd5 13. Ndc4 Rac8 14. Qe3 dxc4 15.
Bxb7 Nd5 16. Bxd5 exd5 17. Qf3 Nf6 18. bxc4 dxc4 19. Qxf5 c3 20. Bc1 Bxe5 21.
Qxe5 Qd7 22. e3 Qh3 23. f3 h5 24. Qg5 Rcd8 25. Ba3 Rfe8 26. Rfe1 Rd5 27. Qg6 Rf5
28. e4 Rxf3 29. e5 Rf2 30. Kxf2 Ng4+ 31. Kf3 Nxh2+ 32. Ke2 Qg2+ 33. Kd3 Qd2+ 34.
Kc4 Rd8 35. Qe4 Nf3 36. Bd6 b5+ 37. Kd5 Ng5 38. Qf5 Qg2+ 39. Re4 Nxe4 40. Qxe4
Qd2 41. Kc6 c2 42. Kc7 Qa5+ 0-1

[Event "Rilton Cup 2010-11"]
[Site "Stockholm SWE"]
[Date "2011.01.02"]
[Round "6"]
[White "Logdahl, Harald"]
[Black "Urkedal, Frode"]
[Result "0-1"]
[WhiteTitle "FM"]
[BlackTitle "FM"]
[WhiteElo "2257"]
[BlackElo "2438"]
[WhiteFideId "1702734"]
[BlackFideId "1506102"]
[EventDate "2010.12.27"]

1. e4 c5 2. c4 Nc6 3. Nc3 g6 4. g3 Bg7 5. Bg2 d6 6. d3 e6 7. Nge2 Nge7 8. O-O
O-O 9. Be3 Nd4 10. Qd2 Re8 11. Bh6 Bh8 12. Nxd4 Bxd4 13. Be3 Bg7 14. d4 Nc6 15.
dxc5 dxc5 16. Qxd8 Rxd8 17. Bxc5 b6 18. e5 Bb7 19. Bxc6 Bxc6 20. Bd6 Bf3 21.
Rae1 Bh6 22. Re3 Bxe3 23. fxe3 Bc6 24. Ne2 Rac8 25. Nd4 Rd7 26. b3 Be4 27. a4
Bf5 28. a5 f6 29. axb6 axb6 30. Ra1 fxe5 31. Bxe5 Rc5 32. Ra8+ Kf7 33. Bf4 e5
34. b4 Rxc4 35. Bxe5 Be4 36. Rh8 g5 37. g4 Rd5 38. Bb8 Rxb4 39. Kf2 Rb2+ 40. Kg3
Rg2+ 41. Kh3 Rg1 42. Rc8 Rxd4 43. exd4 Bf3 44. Rc7+ Ke8 0-1

[Event "Rilton Cup 2010-11"]
[Site "Stockholm SWE"]
[Date "2011.01.02"]
[Round "6"]
[White "Blomqvist, Erik"]
[Black "Luukkonen, Tommi"]
[Result "0-1"]
[WhiteTitle "IM"]
[BlackTitle "FM"]
[WhiteElo "2449"]
[BlackElo "2309"]
[WhiteFideId "1709437"]
[BlackFideId "501808"]
[EventDate "2010.12.27"]

1. d4 Nf6 2. c4 e6 3. Nf3 c5 4. Nc3 cxd4 5. Nxd4 Bb4 6. g3 Ne4 7. Qd3 Bxc3+ 8.
bxc3 Nc5 9. Qf3 d6 10. Bg2 Nbd7 11. Qg4 O-O 12. Bh6 Qf6 13. Bg5 Qg6 14. Qh4 f6
15. Be3 Ne5 16. Nb5 Qc2 17. O-O Qxe2 18. Nxd6 Na4 19. Qd4 Bd7 20. Nxb7 Bc6 21.
Bxc6 Nxc6 22. Qd7 Qxc4 23. Nd6 Ne5 24. Qb7 Qg4 25. Qb4 Qh3 26. f3 Rab8 27. Qh4
Qxh4 28. gxh4 Rfd8 29. Ne4 Rd3 30. Bxa7 Rb2 31. Rf2 Nxf3+ 32. Kh1 Rb7 33. Raf1
Nxh4 34. Bd4 Nf5 35. Rg1 Kf8 36. Nc5 Nxc5 37. Bxc5+ Kf7 38. Bb4 Ne3 39. Rf3 Nd1
40. Rxd3 Nf2+ 41. Kg2 Nxd3 42. a3 e5 43. Kf3 f5 44. Ke3 e4 45. Rb1 Ke6 46. c4
Rc7 47. Bc3 Rxc4 48. Bxg7 f4+ 49. Kd2 Nf2 50. Rb5 e3+ 51. Ke2 Rc2+ 52. Kf3 Nd3
53. Rb6+ Kd5 0-1

[Event "Rilton Cup 2010-11"]
[Site "Stockholm SWE"]
[Date "2011.01.02"]
[Round "6"]
[White "Souleidis, Georgios"]
[Black "Thompson, Ian D"]
[Result "1-0"]
[WhiteTitle "IM"]
[BlackTitle "FM"]
[WhiteElo "2411"]
[BlackElo "2264"]
[WhiteFideId "4206827"]
[BlackFideId "405205"]
[EventDate "2010.12.27"]

1. e4 e6 2. d4 d5 3. Nc3 Nf6 4. Bg5 dxe4 5. Nxe4 Be7 6. Bxf6 Bxf6 7. Nf3 Nd7 8.
Bd3 O-O 9. Qd2 e5 10. Nxf6+ Qxf6 11. O-O-O exd4 12. Ng5 g6 13. Ne4 Qg7 14. h4
Nf6 15. Qf4 Nd5 16. Qf3 h5 17. Ng5 c6 18. Qg3 Qf6 19. Be4 Qf4+ 20. Qxf4 Nxf4 21.
g3 Ne6 22. Nxe6 Bxe6 23. Rxd4 Rfd8 24. Rhd1 Rxd4 25. Rxd4 Rc8 26. a3 Kf8 27. Kd2
Ke7 28. Ke3 b6 29. Kf4 c5 30. Rd2 c4 31. c3 Rc5 32. Ke3 Rc7 33. f4 Rc5 34. Bf3
Rb5 35. Be2 Rc5 36. Rd4 Rb5 37. b4 f6 38. a4 Rf5 39. Bf3 g5 40. Be4 gxf4+ 41.
gxf4 1-0

[Event "Rilton Cup 2010-11"]
[Site "Stockholm SWE"]
[Date "2011.01.02"]
[Round "6"]
[White "Leer-Salvesen, Bjarte"]
[Black "Czarnota, Dorota"]
[Result "1-0"]
[WhiteTitle "IM"]
[BlackTitle "WIM"]
[WhiteElo "2360"]
[BlackElo "2229"]
[WhiteFideId "1501496"]
[BlackFideId "1122410"]
[EventDate "2010.12.27"]

1. c4 c5 2. g3 g6 3. Bg2 Bg7 4. Nf3 Nc6 5. Nc3 e6 6. d3 Nge7 7. Bg5 h6 8. Bd2
O-O 9. O-O d5 10. Rb1 a5 11. Qc1 Kh7 12. cxd5 exd5 13. Nb5 b6 14. Bf4 Bg4 15. h3
Be6 16. Nc7 Rc8 17. Nxe6 fxe6 18. h4 e5 19. Bd2 e4 20. dxe4 dxe4 21. Nh2 Nd4 22.
Qe1 Qd5 23. Ng4 Nef5 24. Ne3 Nxe3 25. Bxe3 Nc2 26. Qc1 Nxe3 27. Qxe3 Qxa2 28.
Bxe4 Rce8 29. Kg2 Qc4 30. f3 h5 31. b3 Qd4 32. Qxd4 Bxd4 33. Rbd1 Kg7 34. Rd3
Rd8 35. Rfd1 Bf6 36. Rxd8 Rxd8 37. Rxd8 Bxd8 38. Bd3 g5 39. hxg5 Bxg5 40. f4 Bf6
41. e4 Bc3 42. e5 Kf7 43. Kf3 Ke7 44. Bb5 c4 45. Bxc4 Bd4 46. Kg2 Kd7 47. Be2
Kc6 48. Bxh5 b5 49. Kf3 Kd7 50. Ke4 Bf2 51. g4 Ke7 52. g5 a4 53. bxa4 bxa4 54.
Bd1 a3 55. Bb3 Kf8 56. f5 Bh4 57. Kf4 Be1 58. f6 1-0

[Event "Rilton Cup 2010-11"]
[Site "Stockholm SWE"]
[Date "2011.01.02"]
[Round "6"]
[White "Kopasov, Alexander"]
[Black "Straeter, Timo"]
[Result "1-0"]
[BlackTitle "FM"]
[WhiteElo "2198"]
[BlackElo "2325"]
[WhiteFideId "24106623"]
[BlackFideId "4621964"]
[EventDate "2010.12.27"]

1. d4 Nf6 2. c4 e6 3. Nc3 d5 4. cxd5 exd5 5. Bg5 c6 6. e3 Be7 7. Bd3 O-O 8. Qc2
Nbd7 9. Nge2 Re8 10. O-O Nf8 11. Bxf6 Bxf6 12. b4 Be7 13. b5 Bd6 14. bxc6 bxc6
15. Na4 Re6 16. g3 Rh6 17. Nc5 Qf6 18. f3 Bh3 19. Rf2 Nd7 20. Nxd7 Bxd7 21. e4
Qe7 22. e5 Bc7 23. f4 Bb6 24. a4 Ba5 25. f5 Qg5 26. Rf4 Rc8 27. h4 Qe7 28. Raf1
c5 29. f6 gxf6 30. Rxf6 Rxf6 31. Bxh7+ Kh8 32. Rxf6 cxd4 33. Qd3 Qxe5 34. Rxf7
Bg4 35. Nxd4 Bb6 36. Rf4 Be2 37. Qg6 Bxd4+ 38. Kg2 Qg7 39. Qe6 Rc3 40. Bg6 Rf3
41. Qe8+ Qg8 42. Rxd4 Qxe8 43. Bxe8 Rf8 44. Bc6 Bf3+ 45. Kh3 Rc8 46. Bb5 Kg7 47.
g4 Be4 48. h5 Rc1 49. Rd2 Kf6 50. Kg3 Kg5 51. Bd7 Rg1+ 52. Kf2 Rg2+ 53. Ke3 Rxd2
54. Kxd2 d4 55. a5 Bh7 56. Ke2 Be4 57. Be6 Bh7 58. Kf3 Bc2 59. Ke2 Bh7 60. Bf7
Be4 61. Kd2 Bh7 62. Kc1 Kf6 63. Be8 Kg5 64. Kb2 Bd3 65. Kb3 Ba6 66. Bg6 Be2 67.
Bf5 Ba6 68. Kb4 Bf1 69. Be6 Be2 70. Kb3 Bf1 71. Bc4 Bg2 72. Be2 Be4 73. Kc4 Bb7
74. Kxd4 Bc8 75. Kc5 1-0

[Event "Rilton Cup 2010-11"]
[Site "Stockholm SWE"]
[Date "2011.01.02"]
[Round "6"]
[White "Cederstam-Barsk, Carl"]
[Black "Getz, Nicolai"]
[Result "0-1"]
[WhiteElo "2020"]
[BlackElo "2317"]
[WhiteFideId "1713329"]
[BlackFideId "1505572"]
[EventDate "2010.12.27"]

1. e4 c5 2. Nf3 Nc6 3. d4 cxd4 4. Nxd4 g6 5. Nc3 Bg7 6. Be3 Nf6 7. Bc4 O-O 8.
Bb3 d6 9. f3 Bd7 10. Qd2 Nxd4 11. Bxd4 b5 12. Nd5 Rc8 13. Nxf6+ exf6 14. O-O a5
15. a4 b4 16. Kh1 Bc6 17. Qf2 Qd7 18. Rfd1 Qb7 19. Bb6 f5 20. exf5 Bxb2 21. Rab1
Be5 22. fxg6 hxg6 23. Bxa5 Kg7 24. Bb6 Rh8 25. f4 Rxh2+ 26. Kxh2 Rh8+ 27. Kg1
Bxg2 28. Qe3 Rh3 29. fxe5 Rxe3 30. Bxe3 Qe4 31. Bd5 Qxe3+ 32. Kxg2 dxe5 33. Bb3
e4 34. Rf1 f5 35. Rbd1 Qe2+ 36. Kg3 Qg4+ 37. Kh2 f4 38. Rd2 f3 39. Rdf2 g5 40.
Bd5 Qf4+ 41. Kh1 g4 42. Kg1 Qg3+ 43. Kh1 Qh3+ 44. Kg1 g3 45. Rd2 g2 46. Rdd1 e3 0-1

[Event "Rilton Cup 2010-11"]
[Site "Stockholm SWE"]
[Date "2011.01.02"]
[Round "6"]
[White "Ask, Josef"]
[Black "Groetz, Harald"]
[Result "1-0"]
[BlackTitle "IM"]
[WhiteElo "2205"]
[BlackElo "2314"]
[WhiteFideId "1704583"]
[BlackFideId "1605607"]
[EventDate "2010.12.27"]

1. c4 e5 2. Nc3 Nc6 3. g3 g6 4. Bg2 Bg7 5. e3 d6 6. Nge2 f5 7. d3 Nf6 8. Rb1 a5
9. a3 Ne7 10. d4 e4 11. d5 Ng4 12. O-O O-O 13. Nd4 Ne5 14. b3 c6 15. f3 exf3 16.
Bxf3 c5 17. Ndb5 Nxf3+ 18. Qxf3 g5 19. Bd2 Ng6 20. Qh5 Be5 21. Rf2 Bd7 22. Rbf1
Rc8 23. a4 Qe7 24. Ne2 b6 25. Na7 Rc7 26. Nc6 Rxc6 27. dxc6 Bxc6 28. Rxf5 Rxf5
29. Rxf5 Bf6 30. Kf1 Qe6 31. Rf2 Ne5 32. Bc3 Be8 33. Qh6 Bg6 34. Bb2 Bg7 35.
Qxg5 Nf7 36. Nf4 Nxg5 37. Nxe6 Nxe6 38. Bxg7 Kxg7 39. Rd2 Kf6 40. Rxd6 Ke5 41.
Rxb6 Be4 42. Ke2 Nd8 43. Rb8 Ne6 44. Kd2 Kd6 45. Kc3 Kc7 46. Re8 Kd7 47. Rg8 Kd6
48. g4 Ke5 49. h4 Kf6 50. g5+ Kf7 51. Rc8 Kg6 52. Re8 Kf7 53. Rb8 Ke7 54. Rb5
Kd6 55. Rxa5 Nd8 56. Ra6+ Nc6 57. Ra8 Kd7 58. Rh8 Ne7 59. a5 Nc6 60. a6 Kc7 61.
h5 Kb6 62. Re8 Bf5 63. e4 Bg4 64. g6 1-0